| 000 | 01628cam a2200373 a 4500 | ||
|---|---|---|---|
| 005 | 20260322212003.0 | ||
| 008 | data | ||
| 010 | _a 2002018694 | ||
| 020 | _a9781400034772 (pbk.) | ||
| 020 | _a9781400034772 (pbk.) | ||
| 040 |
_aDLC _cDLC _dDLC |
||
| 043 | _af-bs--- | ||
| 050 | 0 | 0 |
_aPR6063.C326 _bN6 2002 |
| 082 | 0 | 0 |
_a823/.914 _221 |
| 099 | _aSMITHA | ||
| 100 | 1 |
_aMcCall Smith, Alexander, _d1948- |
|
| 245 | 1 | 4 |
_aThe No. 1 Ladies' Detective Agency / _cAlexander McCall Smith. |
| 246 | 3 | _aNumber One Ladies' Detective Agency | |
| 250 | _a1st Anchor Books ed. | ||
| 260 |
_aNew York : _bAnchor Books, _c2002. |
||
| 300 |
_a235 p. ; _c21 cm. |
||
| 650 | 0 |
_aRamotswe, Precious (Fictitious character) _vFiction. |
|
| 650 | 0 |
_aNo. 1 Ladies' Detective Agency (Imaginary organization) _vFiction. |
|
| 650 | 0 |
_aWomen private investigators _zBotswana _vFiction. |
|
| 651 | 0 |
_aBotswana _vFiction. |
|
| 655 | 7 |
_aMystery fiction. _2gsafd |
|
| 856 | 4 | 2 |
_3Contributor biographical information _uhttp://www.loc.gov/catdir/bios/random051/2002018694.html |
| 856 | 4 | 1 |
_3Sample text _uhttp://www.loc.gov/catdir/samples/random045/2002018694.html |
| 856 | 4 | 2 |
_3Publisher description _uhttp://www.loc.gov/catdir/description/random0414/2002018694.html |
| 906 |
_a7 _bcbc _corignew _d1 _eocip _f20 _gy-gencatlg |
||
| 925 | 0 |
_aacquire _b2 shelf copies _xpolicy default |
|
| 955 |
_dlh06 2002-03-20 _elh44 2002-03-22 to Dewey _flh38 2003-02-21 _glh38 2003-02-21 |
||
| 001 | data | ||
| 999 |
_c24 _d24 |
||